000 00695nam a2200229Ia 4500
003 OSt
005 20251216115713.0
008 220909b |||||||| |||| 00| 0 eng d
020 _a8189093398
040 _aCSL
_beng
_cCSL
041 _aeng
084 _aE1k P6
_qCSL
100 _aDavidson, Michelle
_9856925
245 0 _aIllustrated dictionary of inorganic chemistry
260 _aNew Delhi,
_bLotus Press:
_c2006.
300 _a208p.
650 _aDictionary
_9856926
650 _aInorganic chemistry
_9856927
650 _aChemistry
_9856928
942 _hE1k P6
_cREF
_2CC
_n0
999 _c74517
_d74517